LEADER 02306aam 2200385I 450 001 9910709510603321 005 20151026025822.0 024 8 $aGOVPUB-C13-2c871217a08cc235b0b6f8d01d6442cb 035 $a(CKB)5470000002479899 035 $a(OCoLC)926742714 035 $a(EXLCZ)995470000002479899 100 $a20151026d1985 ua 0 101 0 $aeng 181 $2rdacontent 182 $2rdamedia 183 $2rdacarrier 200 10$aStandards and metadata requirements for computerization of selected mechanical properties of metallic materials /$fJ. H. Westbrook 210 1$aGaithersburg, MD :$cU.S. Dept. of Commerce, National Institute of Standards and Technology,$d1985. 215 $a1 online resource 225 1 $aNBS special publication ;$v702 300 $a1985. 300 $aContributed record: Metadata reviewed, not verified. Some fields updated by batch processes. 300 $aTitle from PDF title page. 320 $aIncludes bibliographical references. 330 3 $aTo assist in building a computerized information system on the engineering properties of materials, the standards and metadata requirements for a representative group of mechanical property categories are considered. These categories include: tensile behavior, hardness numbers, notch-bar impact test parameters and fatigue properties. For each property group, definitions of terms, synonyms (and non-synonyms), standard test methods, standards for reporting data, precision and accuracy, and correlations of properties are addressed. The principal findings and recommendations are as follows. Existing test methods are generally adequate for the properties considered but better standards are needed for data reporting. Appraisal of materials variability and testing machine variability would be assisted by acess to standard reference materials, certified as to their mechanical properties. 700 $aWestbrook$b J. H$01410364 701 $aWestbrook$b J. H$01410364 712 02$aUnited States.$bNational Bureau of Standards. 801 0$bNBS 801 1$bNBS 801 2$bGPO 906 $aBOOK 912 $a9910709510603321 996 $aStandards and metadata requirements for computerization of selected mechanical properties of metallic materials$93533778 997 $aUNINA LEADER 03036nam 2200565 450 001 9910777733303321 005 20230828211127.0 010 $a1-4698-6714-1 010 $a1-4511-6556-0 035 $a(CKB)1000000000753721 035 $a(SSID)ssj0000352765 035 $a(PQKBManifestationID)11277405 035 $a(PQKBTitleCode)TC0000352765 035 $a(PQKBWorkID)10285646 035 $a(PQKB)11578142 035 $a(MiAaPQ)EBC3418570 035 $a(MiAaPQ)EBC2032515 035 $a(Au-PeEL)EBL3418570 035 $a(CaPaEBR)ebr10826557 035 $a(CaONFJC)MIL73073 035 $a(OCoLC)923528728 035 $a(EXLCZ)991000000000753721 100 $a20140124h20062006 uy 0 101 0 $aeng 135 $aurcnu|||||||| 181 $ctxt 182 $cc 183 $acr 200 00$aChild neurology /$fedited by John H. Menkes, Harvey B. Sarnat, Bernard L. Maria 205 $aSeventh edition. 210 1$aPhiladelphia, Pennsylvania :$cLippincott Williams & Wilkins,$d2006. 210 4$dİ2006 215 $a1 online resource (1200 pages) $cillustrations, tables 300 $aBibliographic Level Mode of Issuance: Monograph 311 $a0-7817-5104-7 320 $aIncludes bibliographical references and index. 327 $aInherited metabolic diseases of the nervous system / John H. Menkes and William R. Wilcox -- Mitochondrial encephalomyopathies / Harvey B. Sarnat and John H. Menkes -- Heredodegenerative diseases / John H. Menkes -- Chromosomal anomalies and contiguous-gene syndromes / John H. Menkes and Rena E. Falk -- Neuroembryology, genetic programming, and malformations of the nervous system / Harvey B. Sarnat ... [et al.] -- Perinatal asphyxia and trauma / John H. Menkes and Harvey B. Sarnat -- Infections of the nervous system / Bernard L. Maria, James F. Bale, Jr., and G. Ellis Ziel -- Autoimmune and postinfectious diseases / Agustin Legido ... [et al.] -- Postnatal trauma and injuries by physical agents / John H. Menkes and Richard G. Ellenbogen -- Toxic and nutritional disorders / John H. Menkes -- Tumors of the nervous system / Bernard L. Maria and John H. Menkes -- Neurocutaneous syndromes / Bernard L. Maria and John H. Menkes -- Cerebrovascular disorders / Cesar C. Santos and E. Steve Roach -- Paroxysmal disorders / Raman Sankar ... [et al.] -- Headaches and nonepileptic episodic disorders / A. David Rothner and John H. Menkes -- Diseases of the motor unit / John H. Menkes and Harvey B. Sarnat -- Neurologic manifestations of systemic illness / S. Robert Snodgrass -- Disorders of mental development / Marcel Kinsbourne and Frank Wood. 606 $aPediatric neurology 615 0$aPediatric neurology. 676 $a618.92/8 701 $aMenkes$b John H.$f1928-$0483188 701 $aSarnat$b Harvey B$01568269 701 $aMaria$b Bernard L$01504384 801 0$bMiAaPQ 801 1$bMiAaPQ 801 2$bMiAaPQ 906 $aBOOK 912 $a9910777733303321 996 $aChild neurology$93840331 997 $aUNINA